| 000 | 00792nam a22002177a 4500 | ||
|---|---|---|---|
| 999 |
_c13933 _d13933 |
||
| 003 | AR-CdUCM | ||
| 008 | 190411b ||||| |||| 00| 0 spa d | ||
| 040 |
_aMUNICIPALIDAD PROVINCIAL DEL CUSCO _cBIBLIOTECA MUNICIPAL DEL CUSCO |
||
| 082 |
_aC / 581.985 /H56 _bH56 |
||
| 100 |
_aHerrera, Fortunato L. _931237 |
||
| 245 | _aEstudios sobre la flora del departamento del Cuzco / | ||
| 260 |
_aCuzco : _bH. G. Rozas Sucs, _c1933. |
||
| 300 |
_a251 páginas ; _c20.5 cm. |
||
| 505 | _aContenido : t.2: Botánica sistemática -- Botánica descriptiva -- Geografía botánica -- Botánica etnológica. | ||
| 650 |
_aBotánica _92790 |
||
| 650 |
_aBotánica cusqueña _945807 |
||
| 650 |
_aFlora _920658 |
||
| 650 |
_aPlantas cusqueñas _946849 |
||
| 942 |
_2ddc _cLIBROS |
||
| 945 |
_aacv _d2019-04-17 |
||